Case book of Sherloc Holmes (Record no. 80879)

MARC details
000 -LEADER
fixed length control field 01448nam a2200205Ia 4500
003 - CONTROL NUMBER IDENTIFIER
control field OSt
005 - DATE AND TIME OF LATEST TRANSACTION
control field 20260223094840.0
008 - FIXED-LENGTH DATA ELEMENTS--GENERAL INFORMATION
fixed length control field 210210b1970 xxu||||| |||| 00| 0 eng d
040 ## - CATALOGING SOURCE
Transcribing agency AL
041 ## - LANGUAGE CODE
Language code of text/sound track or separate title eng
082 ## - DEWEY DECIMAL CLASSIFICATION NUMBER
Classification number 823.91 CONC
100 ## - MAIN ENTRY--PERSONAL NAME
Personal name Arthur Conan Doyle
9 (RLIN) 256399
245 ## - TITLE STATEMENT
Title Case book of Sherloc Holmes
260 ## - PUBLICATION, DISTRIBUTION, ETC.
Place of publication, distribution, etc. N Y
Name of publisher, distributor, etc. Berkley Publishing Corporation
Date of publication, distribution, etc. 1970
300 ## - PHYSICAL DESCRIPTION
Extent 254
520 ## - SUMMARY, ETC.
Summary, etc. "His career has been a long one," Arthur Conan Doyle notes of his immortal creation, Sherlock Holmes. Doyle made his observation in the 1920s, when the detective had already been thrilling readers for 40 years, and he modestly attributed his hero's success to "the patience and loyalty of the British public." Nearly a century later, the fictional sleuth continues to captivate imaginations around the world and to inspire modern-day reinterpretations. By the twentieth century Doyle had moved on to other literary endeavors but the public demand for further adventures of the Baker Street sleuth proved irresistible. The Casebook of Sherlock Holmes is the last such work to be regarded as canon, a collection of stories written before other writers claimed the character and his associates as their own. Here are a dozen tales of passion, revenge, greed, and murder&;the final adventures of the great detective, as recounted by the master storyteller himself.
690 ## - LOCAL SUBJECT ADDED ENTRY--TOPICAL TERM (OCLC, RLIN)
Topical term or geographic name as entry element English Fiction
9 (RLIN) 256400
906 ## - LOCAL DATA ELEMENT F, LDF (RLIN)
a 029665
942 ## - ADDED ENTRY ELEMENTS (KOHA)
Source of classification or shelving scheme Dewey Decimal Classification
Koha item type Book
Holdings
Withdrawn status Lost status Source of classification or shelving scheme Damaged status Not for loan Collection code Home library Current library Shelving location Date acquired Cost, normal purchase price Total Checkouts Full call number Barcode Date last seen Price effective from Koha item type
    Dewey Decimal Classification     English St Aloysius Library St Aloysius Library Secondary stack section 02/17/2021 0.00   823.91 CONC 029665 02/17/2021 02/17/2021 Book